| 000 | 00450nam a2200169Ia 4500 | ||
|---|---|---|---|
| 003 | GCL | ||
| 008 | 140319s9999 xx 000 0 eng d | ||
| 040 |
_aGCL / _cGCL |
||
| 082 | 0 | 4 |
_a747.2049 _bF A |
| 100 | 1 | _aFRY, RAHN CHARLES | |
| 245 | 1 | 0 |
_aART DECO INTERIORS IN COLOR / _cFRY, RAHN CHARLES |
| 260 |
_a[S.N] : _bDOVER PUBLICATIONS,INC. ، _c1977 |
||
| 300 | _a47 P | ||
| 650 | 0 | 4 | _aINTERIOR DECORATION |
| 650 | 0 | 4 | _aDECORATION |
| 942 |
_2ddc _cBK |
||
| 999 |
_c21989 _d21989 |
||